| 000 | 00507nam a2200133Ia 4500 | ||
|---|---|---|---|
| 008 | 160809s9999 xx 000 0 und d | ||
| 100 | _aSmith, Thomas J. | ||
| 245 | _aSOCIAL SKILLS OF CHILDREN IN THE U.S. WITH COMORBID LEARNING DISABILITIES AND AD/HD | ||
| 245 | _cThomas J. Smith Steve Wallace Northern Illinois University. | ||
| 260 | _bInternational Journal of Special Education | ||
| 260 | _c2011 | ||
| 650 | _xSPECIAL EDUCATION | ||
| 856 | _uhttp://www.internationaljournalofspecialed.com/issues.php | ||
| 999 |
_c300439 _d300439 |
||